000
00355nam a2200157Ia 4500
008
221030s9999 xx 000 0 und d
041
_a
English
082
_a
105.23
100
_a
Aadil Umar/371
245
0
_a
COMPUTER NETWORKING
260
_a
Jammu
_c
2000
650
_a
Computers
700
_a
Faheem Nazin
700
_a
Imtiyaz Ali Bhat
942
_c
TH
999
_c
2915
_d
2915